| 000 | 00944nam a2200217Ia 4500 | ||
|---|---|---|---|
| 999 |
_c36507 _d36507 |
||
| 001 | 2425 | ||
| 003 | GE_BSU | ||
| 005 | 20190520151534.0 | ||
| 008 | 181216s1967||||ge |||||||||||||| ||geo|| | ||
| 040 | _cGE_BSU | ||
| 041 | _ageo | ||
| 080 | _a91(03) გ–33 | ||
| 245 |
_aგეოგრაფიის ტერმინოლოგია : _bრუსულ–ქართული და ქართულ–რუსული / _cშემდგ. დ. უკლება; რედ. გ. დუნდუა და რ .ღამბაშიძე. |
||
| 264 |
_aთბილისი : _bმეცნიერება, _c1967. |
||
| 300 |
_a206 გვ.; _b25 სმ. |
||
| 653 | _aგეოგრაფია | ||
| 653 | _aტერმინოლოგია | ||
| 700 |
_aუკლება, დ. _eშემდგენელი _91399 |
||
| 700 |
_aდუნდუა, გ. _eშემდგენელი _91400 |
||
| 942 |
_cBK _2udc |
||